000 00459nam a2200145Ia 4500
008 231129s2008||||xx |||||||||||||| ||spa||
020 _a978-958-8361-40-6 (v
040 _bspa
082 _a363.107 C718g
100 _aColombia. Ministerio de la Protección Social
245 0 _aGuí­a de Atención Integral de Salud Ocupacional en la evidencia (GATISO)
260 _c2008
264 _aImprenta Nacional
942 _2ddc
_cBKS
999 _c14721
_d14721